| 000 | 00452nam a2200193Ia 4500 | ||
|---|---|---|---|
| 003 | OSt | ||
| 005 | 20260228113010.0 | ||
| 008 | 250729s2005 xx 000 0 und d | ||
| 040 | _cAL | ||
| 041 | _aeng | ||
| 082 | _a574 GOVS | ||
| 100 |
_aGovt of Karnataka _9229728 |
||
| 245 | _aScience part - 2 (Biology) | ||
| 260 |
_aBangalore _c2005 |
||
| 300 | _a88p | ||
| 650 |
_aBiology _9229729 |
||
| 700 |
_aRao Digumurthi _9229730 |
||
| 942 |
_2ddc _cBED |
||
| 999 |
_c238429 _d238429 |
||